|
|
|
|
| LEADER |
00000naa a2200000 a 4500 |
| 001 |
vtls011848290 |
| 003 |
SK-MaSNL |
| 005 |
20260302133809.0 |
| 008 |
210910|2013 xo |||||||||||||||||slo| |
| 015 |
|
|
|a SNBCL
|
| 035 |
|
|
|a (urnnbn)urn:nbn:sk:snk:ar-a0apra
|
| 035 |
|
|
|a urn:nbn:sk:snk-aaw3xs
|
| 035 |
|
|
|a (uuid)e0dd7050-7896-41af-bba3-4cf3c07d3b50
|
| 040 |
|
|
|a SNKBUCL
|b slo
|c SNKBUCL
|e AACR2
|
| 041 |
|
|
|a slo
|
| 044 |
|
|
|a xo
|c SK
|
| 100 |
1 |
|
|a Kuchta, T.
|4 aut
|9 807410
|
| 245 |
1 |
0 |
|a SÚČASNÉ MOŽNOSTI ANALÝZY BIOLOGICKÝCH KONTAMINANTOV V POTRAVINÁCH METÓDAMI ZALOŽENÝMI NA POLYMERÁZOVEJ REŤAZOVEJ REAKCII
|c T. Kuchta
|
| 246 |
3 |
|
|a The Current Options for the Analysis of Biological Contaminants in Food with Methods Based on Polymerase Chain Reaction
|
| 336 |
|
|
|a text
|b txt
|c rdacontent
|
| 337 |
|
|
|a bez média
|b n
|c rdamedia
|
| 338 |
|
|
|a zväzok
|b nc
|c rdacarrier
|
| 655 |
|
7 |
|a články zo zborníkov
|2 snkbucl
|9 166140
|
| 773 |
0 |
|
|t Additives and Contaminants in Foodstuffs 2013
|d Bratislava : [Slovenská chemická knižnica], 2013
|g S. 127-128
|z 9788089597123
|
| 958 |
|
|
|a OND
|
| 958 |
|
|
|a article26
|
| 958 |
|
|
|a chapter
|
| 999 |
|
|
|c 1318608
|d 1320538
|